| 000 | 00565nam a22002173a 4500 | ||
|---|---|---|---|
| 005 | 20260331064136.0 | ||
| 008 | 011016s1981 mx fr 000 0 spa d | ||
| 020 | _a9681608461 | ||
| 035 | _aUPN01000114334 | ||
| 049 | _aCG | ||
| 050 | 4 |
_aPQ8180.36 U8 _bC3.7 |
|
| 100 | 1 |
_aMutis, Alvaro, _d1923-2013 _929702 |
|
| 245 | 1 | 0 |
_aCaravansary / _cAlvaro Mutis. |
| 260 |
_aMéxico : _bFCE, _c1981 _g(1994 impr.) |
||
| 300 | _a61 p. | ||
| 440 | 0 | _aTierra firme | |
| 650 | 4 |
_aPoesía colombiana _91223 |
|
| 901 | _a167893/167894/167895 | ||
| 902 | _aLG | ||
| 905 | _aLibro | ||
| 999 |
_c88242 _d88242 |
||